00321nam a22001097a 4500008004100000020001500041082001900056245007400075260004700149300000800196440000700204230623b xxu||||| |||| 00| 0 eng d a9966900861 a330.bOSO 1997 aConsequences and Limitations of Recent Fiscal Policy in Cote D'ivoire bAfrican Economic Research Consortiumc1997 a36p n68